000 00567nam a2200205Ia 4500
005 20250508165656.0
008 008 250505s9999 xx 000 0 eng d
037 _aTextual
040 _aFEDL
_beng
_cFEDL
041 _aeng
_2eng
084 _a530.1, HEI/O
_qFEDL
100 _aHeisenberg Werner
245 0 _aPhysics & philosophy : the revolution in modern science
260 _aLondon, UK
_bPenguin Books
_c1958
300 _a201p.
365 _aGBP
_b9.95
546 _aC.S.E.C
942 _cTEXL
_h530.1, HEI/O
999 _c1396684
_d1396684